000 004340000a22001810004500
003 MACL
005 20150929122721.0
008 150929b xxu||||| |||| 00| 0 eng d
040 _aMACL
_cMACL
041 _aEnglish
082 _a900/MAL
100 _aMalcom Speirs
_912651
245 _aThe Wasikadas Of Awadh
260 _bRupa Co.
_c2008
_aNew Delhi
350 _a495.00
650 _aHistory
_912652
942 _cBK
_k900/MAL
_2ddc
999 _c42092
_d42092